000 00583nam a2200181 i 4500
001 57396
003 ES-MaACL
005 20230906163553.0
007 t|
008 031016s1907 xxk ||||1| eng d
100 1 _aDodgson, Edward Spencer.
_944974
245 1 0 _aVerbi vasconici ab Johanne Leizarraga in novo testamento adhibiti formulas /
_ccompossuit Eduardus Spencer Dodgson.
260 _aOxoniae :
_b[Horatius Hart],
_c1907.
300 _a200 p. ;
_c26 cm.
600 0 4 _aLiƧarrague, Jean de.
_972173
650 4 _aLengua vasca-
_xVerbo.
_9155936
852 _aES-MaACL
_jG-10178
999 _c57396
_d57396